Nicaragua: Somoza enfrenta una resistencia generalizada
Tallennettuna:
| Aineistotyyppi: | Teksti |
|---|---|
| Aiheet: | |
| Tagit: |
Lisää tagi
Ei tageja, Lisää ensimmäinen tagi!
|
MARC
| LEADER | 00000 a a2200000 04500 | ||
|---|---|---|---|
| 001 | 17768 | ||
| 003 | |||
| 040 | |||
| 245 | |a Nicaragua: |b Somoza enfrenta una resistencia generalizada | ||
| 650 | |a POLITICA | ||
| 650 | |a HUELGAS | ||
| 650 | |a NICARAGUA | ||
| 773 | |g volumen 2, número 5; páginas 33 | ||
| 999 | |c 26660 |d 26660 | ||
| 773 | 0 | |0 42391 |9 3952 |a Agencia Latinoamericana de Información, ALAI |d Quito, Ecuador: ALAI |o 03817 |t ALAI: |x 08275564 (Servicio mensual de información y documentación) | |
